000 00255nmm a2200085Ia 4500
008 220120s9999||||xx |||||||||||||||||und||
100 _aDigit
245 0 _aOctober 2011 : Video lecturs, linux pelican HPC, work tools
260 _aNine dot nine interactive ltd.
999 _c139660
_d139660